Welcome to CU Library Online Public Access Catalogue (OPAC)

Essentials of corporate finance / (Record no. 8825)

MARC details
000 -LEADER
fixed length control field 00877cam a22002654a 4500
001 - CONTROL NUMBER
control field 12177271
005 - DATE AND TIME OF LATEST TRANSACTION
control field 20260223170424.0
008 - FIXED-LENGTH DATA ELEMENTS--GENERAL INFORMATION
fixed length control field 000918s2001 maua b 001 0 eng
020 ## - INTERNATIONAL STANDARD BOOK NUMBER
International Standard Book Number 0072340525
Qualifying information alk. paper
020 ## - INTERNATIONAL STANDARD BOOK NUMBER
International Standard Book Number 0072340630
Qualifying information alk. paper
020 ## - INTERNATIONAL STANDARD BOOK NUMBER
International Standard Book Number 9780072340525
Qualifying information (alk. paper)
020 ## - INTERNATIONAL STANDARD BOOK NUMBER
International Standard Book Number 9780072340631
Qualifying information (alk. paper)
050 00 - LIBRARY OF CONGRESS CALL NUMBER
Classification number HG4026
Item number .R676 2001
082 00 - DEWEY DECIMAL CLASSIFICATION NUMBER
Classification number 658.15
Edition information 21
100 1# - MAIN ENTRY--PERSONAL NAME
Personal name Ross, Stephen A.
245 10 - TITLE STATEMENT
Title Essentials of corporate finance /
Statement of responsibility, etc. Stephen A. Ross, Randolph W. Westerfield, Bradford D. Jordan.
250 ## - EDITION STATEMENT
Edition statement 3rd ed.
260 ## - PUBLICATION, DISTRIBUTION, ETC.
Place of publication, distribution, etc. Boston :
Name of publisher, distributor, etc. McGraw-Hill,
Date of publication, distribution, etc. c2001.
300 ## - PHYSICAL DESCRIPTION
Extent xxx, 574 p. :
Other physical details col. ill. ;
Dimensions 26 cm.
440 #4 - SERIES STATEMENT/ADDED ENTRY--TITLE
Title The McGraw-Hill/Irwin series in finance, insurance, and real estate
650 #0 - SUBJECT ADDED ENTRY--TOPICAL TERM
Topical term or geographic name entry element Corporations
General subdivision Finance.
700 1# - ADDED ENTRY--PERSONAL NAME
Personal name Westerfield, Randolph.
700 1# - ADDED ENTRY--PERSONAL NAME
Personal name Jordan, Bradford D.
942 ## - ADDED ENTRY ELEMENTS (KOHA)
Source of classification or shelving scheme Library of Congress Classification
Koha item type Books
Suppress in OPAC No
999 ## -
-- 8825
-- 8825
Holdings
Withdrawn status Lost status Source of classification or shelving scheme Damaged status Not for loan Collection Home library Current library Shelving location Date acquired Total checkouts Full call number Barcode Date last seen Copy number Price effective from Koha item type
    Library of Congress Classification     Non-fiction Business Library (Miotso) Business Library (Miotso) General stacks 04/20/2026   HG 4026 ROS BSSM00003214 04/20/2026 1 04/20/2026 Books
    Library of Congress Classification     Non-fiction Business Library (Miotso) Business Library (Miotso) General stacks 04/20/2026   HG 4026 ROS BSSM00003215 04/20/2026 2 04/20/2026 Books
    Library of Congress Classification     Non-fiction Business Library (Miotso) Business Library (Miotso) General stacks 04/20/2026   HG 4026 ROS BSSM00003216 04/20/2026 3 04/20/2026 Books
    Library of Congress Classification     Non-fiction Business Library (Miotso) Business Library (Miotso) General stacks 04/20/2026   HG 4026 ROS BSSM00003217 04/20/2026 4 04/20/2026 Books
    Library of Congress Classification     Non-fiction Business Library (Miotso) Business Library (Miotso) General stacks 04/20/2026   HG 4026 ROS BSSM00003218 04/20/2026 5 04/20/2026 Books
    Library of Congress Classification     Non-fiction Graduate Library (Christ Temple) Graduate Library (Christ Temple) General stacks 02/23/2026   HG 4026 ROS GSCT00002882 02/23/2026 1 02/23/2026 Books
© 2023-2024 Copyright: Central University Libraries. All Rights Reserved | Created by: Mahone Tech Office